| 000 | 005600000a22001810004500 | ||
|---|---|---|---|
| 003 | MACL | ||
| 005 | 20160610112409.0 | ||
| 008 | 160610b xxu||||| |||| 00| 0 eng d | ||
| 040 |
_aMACL _cmacl |
||
| 041 | _aHindi | ||
| 082 | _a891.433 | ||
| 100 |
_aप्रीतम, अम्रता _945154 |
||
| 245 |
_aकोरे कागज _cअम्रता प्रीतम |
||
| 260 |
_bभारतीय ज्ञानपीठ _c2001 _aनई दिल्ली |
||
| 350 | _a70 | ||
| 650 |
_aNovel _963693 |
||
| 942 |
_cHIN _k891.433/PRE/N _2ddc |
||
| 999 |
_c29896 _d29896 |
||